• 首页
  • 本馆介绍
  • 公告通知
  • 最新文献
  • 馆藏检索
  • 电子资源
  • 读者导购
  • 参考咨询
  • 我的图书馆
  • 登录
  • 详细信息显示
  • 放入我的书架
  • 预约/预借图书
  • 作者相关作品
  • 分类相关作品
  • 丛书相关作品
  • 出版社相关作品

书目信息

  • 表格格式
  • 工作单格式
  • 卡片格式
书名: Theoretical mechanics
作者: S. Targ ; translated from the Russian by V. Talmy.
分册号:
分册名:
出版地: Moscow :
 
出版社: Mir Publishers
出版时间: c1976.
页数: 525 p. :
开本: 22 cm.
丛书名:
中图分类号:
科图分类号:
其他分类号: O31
主题词:
电子资源:
000 00895nam 2200277Ii 4504
001 E0731255003
003 OCoLC
005 20070226084630.75
008 031205s1976 ru a 001 0 eng d
020    @cCNY2.70.
035    @a0671-68160
040    @aCLU@cCLU
041 1  @aeng@hrus
090    @aP21/W29/1976
090    @aO31
099    @dO31@ex1
100 1  @aTarg, S.@q(Semen)
240 00 @aKratkii kurs teoreticheskoi mekhaniki.@lEnglish.
245 10 @aTheoretical mechanics :@ba short course / @cS. Targ ; translated from the Russian by V. Talmy.
260    @aMoscow :@bMir Publishers,@cc1976.
300    @a525 p. :@bill. ;@c22 cm.
500    @aTranslation of the 1974 ed. of Kratki鎖 kurs teoretichesko鎖 mekhaniki.
500    @aIncludes index.
650  0 @aMechanics, Analytic.
730 0  @aKratki鎖 kurs teoretichesko鎖 mekhaniki.
920    @a232010@z2
    
    Theoretical mechanics : : a short course / / S. Targ ; translated from the Russian by V. Talmy.-Moscow : : Mir Publishers, , c1976.
    525 p. : : ill. ; ; 22 cm.
    Translation of the 1974 ed. of Kratki鎖 kurs teoretichesko鎖 mekhaniki.-Includes index.
    
    ISBN CNY2.70.
    
●
相关链接 在E读中查询图书 在五车中查询图书 在当当中查询图书 在豆瓣中查询图书


正题名:Theoretical mechanics     索取号:O31/x1         预约/预借

序号 登录号 条形码 馆藏地/架位号 状态 备注
1 180396   000452842   第二样本阅览室/ [索取号:O31/x1] 在馆    
2 180397   000452806   第四借阅区/ [索取号:O31/x1] 在馆    
3 180398   000452762   第四借阅区/ [索取号:O31/x1] 在馆    
唐山师范学院图书馆 欢迎您!
大连网信软件有限公司© 版权所有